000 00348nam a2200145 i 4500
001 bg
100 1 _aWEISS, Lech J.
245 0 _aElementy i układy elektroniczne /
_cLech J. Weiss. Cz.3.
260 _aBydgoszcz,
_c1989.
040 _cBPK
041 _apol
080 _a621.38(075.8)
942 _cKS
008 s pl f |000 0 pol
999 _c4407
_d4407
856 _uhttp://koha.tu.koszalin.pl/cgi-bin/koha/opac-detail.pl?biblionumber=4407
_yKatalog online BPK